000 00981nam a22002177a 4500
999 _c332460
_d332460
001 2029039
003 NUST
005 20171206121127.0
008 910522s1990 pk a 000 0 eng
010 _a 91930189
020 _a9694090725
040 _aDLC
_cDLC
050 0 0 _aMLCM 95/12660 (S)
082 _a631.435491 SOI
111 2 _aInternational Symposium on Applied Soil Physics in Stress Environments
_d(1989 :
_cIslāmābād, Pakistan)
_97014
245 0 0 _aSoil physics, application under stress environments :
_bproceedings of the International Symposium on Applied Soil Physics in Stress Environments, 22-26 January 1989, Islamabad, Pakistan /
_ceditors, Mumtaz Ahmad ... [et al.].
260 _aIslamabad :
_bBarani Agricultural Research and Development Project :
_bPakistan Agricultural Research Council,
_c1990.
300 _aix, 467 p. :
_bill. ;
_c25 cm.
500 _aP.B
906 _a7
_bcbc
_corignew
_d4
_encip
_f19
_gy-gencatlg
942 _2ddc
_cBK
_kIESE